000 00622nam a2200205Ia 4500
005 20260601193253.0
008 260601s9999||||xx |||||||||||||| ||und||
020 _a978-3-031-67278-1
_qebk
100 _aXianghua Xie
245 0 _aArtificial Intelligence in Healthcare
250 _a2024
260 _aHeidelberg, Germany
_bSpringer Nature
_c2024
440 _aLecture Notes in Computer Science
650 _aComputer Science
700 _aGibin Powathil
700 _aIain Styles
700 _aMarco Ceccarelli
856 _uhttps://link.springer.com/openurl?genre=book&isbn=978-3-031-67278-1
942 _cEB
_2ddc
999 _c56771
_d56771